A TEXTBOOK FOR THE HEALTH WORKER (Record no. 3940)
[ view plain ]
| 000 -LEADER | |
|---|---|
| fixed length control field | 00368nam a2200145Ia 4500 |
| 008 - FIXED-LENGTH DATA ELEMENTS--GENERAL INFORMATION | |
| fixed length control field | 150201s2003 xx 000 0 und d |
| 082 ## - DEWEY DECIMAL CLASSIFICATION NUMBER | |
| Classification number | 614.42 |
| Item number | H2003C |
| 100 ## - MAIN ENTRY--PERSONAL NAME | |
| Personal name | CHALKLEY,A.M. |
| 245 #2 - TITLE STATEMENT | |
| Title | A TEXTBOOK FOR THE HEALTH WORKER |
| 250 ## - EDITION STATEMENT | |
| Edition statement | 1ST |
| 260 ## - PUBLICATION, DISTRIBUTION, ETC. (IMPRINT) | |
| Name of publisher, distributor, etc. | NEW AGE INTERNATIONAL PUBLISHERS |
| Place of publication, distribution, etc. | DELHI |
| Date of publication, distribution, etc. | 2003 |
| 300 ## - PHYSICAL DESCRIPTION | |
| Extent | 1-350 |
| 650 ## - SUBJECT ADDED ENTRY--TOPICAL TERM | |
| Topical term or geographic name as entry element | NURSING |
| 942 ## - ADDED ENTRY ELEMENTS (KOHA) | |
| Source of classification or shelving scheme | Dewey Decimal Classification |
| Koha item type | Books |
| Withdrawn status | Lost status | Source of classification or shelving scheme | Damaged status | Not for loan | Home library | Current library | Date acquired | Source of acquisition | Cost, normal purchase price | Serial Enumeration / chronology | SGTU | Bill Number | Total Checkouts | Full call number | Barcode | Date last seen | Bill Date | Koha item type |
|---|---|---|---|---|---|---|---|---|---|---|---|---|---|---|---|---|---|---|
| Dewey Decimal Classification | SGT Dental Library | SGT Dental Library | 18/02/2008 | U.B.S.DELHI | 200.00 | 1 | SGTU | 1023 | 614.42 H2003C | FD4958 | 09/02/2015 | 10/01/2013 | Books | |||||
| Dewey Decimal Classification | SGT Dental Library | SGT Dental Library | 18/02/2008 | U.B.S.DELHI | 200.00 | 1 | SGTU | 1023 | 614.42 H2003C | FD4959 | 09/02/2015 | 10/01/2013 | Books | |||||
| Dewey Decimal Classification | SGT Dental Library | SGT Dental Library | 18/02/2008 | U.B.S.DELHI | 200.00 | 1 | SGTU | 1023 | 614.42 H2003C | FD4960 | 09/02/2015 | 10/01/2013 | Books | |||||
| Dewey Decimal Classification | SGT Dental Library | SGT Dental Library | 18/02/2008 | U.B.S.DELHI | 200.00 | 1 | SGTU | 1023 | 614.42 H2003C | FD4961 | 09/02/2015 | 10/01/2013 | Books | |||||
| Dewey Decimal Classification | SGT Dental Library | SGT Dental Library | 18/02/2008 | U.B.S.DELHI | 200.00 | 1 | SGTU | 1023 | 614.42 H2003C | FD4962 | 09/02/2015 | 10/01/2013 | Books | |||||
| Dewey Decimal Classification | SGT Dental Library | SGT Dental Library | 18/02/2008 | U.B.S.DELHI | 200.00 | 1 | SGTU | 1023 | 614.42 H2003C | FD4963 | 09/02/2015 | 10/01/2013 | Books | |||||
| Dewey Decimal Classification | SGT Dental Library | SGT Dental Library | 18/02/2008 | U.B.S.DELHI | 200.00 | 1 | SGTU | 1023 | 614.42 H2003C | FD4964 | 09/02/2015 | 10/01/2013 | Books |